Лексическое наполнение современных газет российских немцев как средство реализации этнической функции языка; Международное образование и межкультурная коммуникация: проблемы, поиски, решения

Detalles Bibliográficos
Parent link:Международное образование и межкультурная коммуникация: проблемы, поиски, решения.— 2016.— [С. 124-128]
Autor Principal: Иценко А. В. Александра Викторовна
Autor Corporativo: Национальный исследовательский Томский политехнический университет (ТПУ)
Summary:Заглавие с титульного экрана
В статье представлен обзор современной печатной и электронной прессы, выпускаемой в России и Германии на русском языке, основной целевой аудиторией которой являются эмигранты из стран бывшего СССР, а также российские немцы, проживающие на территории России. В центре исследовательского внимания языковая специфика изданий, которые рассматриваются нами как способ национальной самоидентификации российских немцев в Германии и России.
The article deals with modern printing and electronic press of Germans from Russia, published in the Russian language in Russia and Germany for emigrants from the Soviet Union as well as Germans from Russia, who currently live on the territory of the Russian Federation. Much attention 125 is given to language specific character of newspapers as a method of national self-identification of Germans from Russia.
Idioma:ruso
Publicado: 2016
Series:Лингвокультурология
Subjects:
Acceso en liña:http://earchive.tpu.ru/handle/11683/36034
Formato: MixedMaterials Electrónico Capítulo de libro
KOHA link:https://koha.lib.tpu.ru/cgi-bin/koha/opac-detail.pl?biblionumber=621610

MARC

LEADER 00000naa2a2200000 4500
001 621610
005 20231101133153.0
035 |a (RuTPU)RU\TPU\conf\20226 
035 |a RU\TPU\conf\20225 
090 |a 621610 
100 |a 20170112d2016 k y0rusy50 ca 
101 0 |a rus 
102 |a RU 
105 |a y z 101zy 
135 |a drgn ---uucaa 
181 0 |a i  
182 0 |a b 
200 1 |a Лексическое наполнение современных газет российских немцев как средство реализации этнической функции языка  |d Vocabulary features of modern newspapers published for Germans from Russia as realization of ethnic language function  |f А. В. Иценко 
203 |a Текст  |c электронный 
225 1 |a Лингвокультурология 
230 |a 1 компьютерный файл (pdf; 151 Kb) 
300 |a Заглавие с титульного экрана 
320 |a [Библиогр.: с. 128 (7 назв.)] 
330 |a В статье представлен обзор современной печатной и электронной прессы, выпускаемой в России и Германии на русском языке, основной целевой аудиторией которой являются эмигранты из стран бывшего СССР, а также российские немцы, проживающие на территории России. В центре исследовательского внимания языковая специфика изданий, которые рассматриваются нами как способ национальной самоидентификации российских немцев в Германии и России. 
330 |a The article deals with modern printing and electronic press of Germans from Russia, published in the Russian language in Russia and Germany for emigrants from the Soviet Union as well as Germans from Russia, who currently live on the territory of the Russian Federation. Much attention 125 is given to language specific character of newspapers as a method of national self-identification of Germans from Russia. 
463 1 |0 (RuTPU)RU\TPU\conf\20073  |t Международное образование и межкультурная коммуникация: проблемы, поиски, решения  |o сборник трудов международной научно-практический конференции, г. Томск, 26-27 октября 2016 г.  |f Национальный исследовательский Томский политехнический университет (ТПУ) ; Российский гуманитарный научный фонд (РГНФ) ; под ред. И. В. Салосиной ; А. В. Байдак ; Е. А. Головачевой  |v [С. 124-128]  |d 2016 
510 1 |a Vocabulary features of modern newspapers published for Germans from Russia as realization of ethnic language function  |z eng 
610 1 |a труды учёных ТПУ 
610 1 |a электронные ресурсы 
610 1 |a русский язык 
610 1 |a немецкий язык 
610 1 |a социолингвистика 
610 1 |a российские немцы 
610 1 |a жанры 
610 1 |a language 
700 1 |a Иценко  |b А. В.  |c лингвист  |c специалист по учебно-методической работе Томского политехнического университета  |f 1989-  |g Александра Викторовна  |2 stltpush  |3 (RuTPU)RU\TPU\pers\37193 
712 0 2 |a Национальный исследовательский Томский политехнический университет (ТПУ)  |c (2009- )  |2 stltpush  |3 (RuTPU)RU\TPU\col\15902 
801 2 |a RU  |b 63413507  |c 20170120  |g RCR 
856 4 |u http://earchive.tpu.ru/handle/11683/36034 
942 |c BK